<?xml version="1.0" encoding="UTF-8"?><?xml-stylesheet type="text/xsl" href="static/style.xsl"?><OAI-PMH xmlns="http://www.openarchives.org/OAI/2.0/" xmlns:xsi="http://www.w3.org/2001/XMLSchema-instance" xsi:schemaLocation="http://www.openarchives.org/OAI/2.0/ http://www.openarchives.org/OAI/2.0/OAI-PMH.xsd"><responseDate>2026-04-17T02:40:43Z</responseDate><request verb="GetRecord" identifier="oai:www.recercat.cat:2117/411667" metadataPrefix="marc">https://recercat.cat/oai/request</request><GetRecord><record><header><identifier>oai:recercat.cat:2117/411667</identifier><datestamp>2026-01-14T05:39:35Z</datestamp><setSpec>com_2072_1033</setSpec><setSpec>col_2072_452950</setSpec></header><metadata><record xmlns="http://www.loc.gov/MARC21/slim" xmlns:dcterms="http://purl.org/dc/terms/" xmlns:xsi="http://www.w3.org/2001/XMLSchema-instance" xmlns:doc="http://www.lyncode.com/xoai" xsi:schemaLocation="http://www.loc.gov/MARC21/slim http://www.loc.gov/standards/marcxml/schema/MARC21slim.xsd">
   <leader>00925njm 22002777a 4500</leader>
   <datafield ind2=" " ind1=" " tag="042">
      <subfield code="a">dc</subfield>
   </datafield>
   <datafield ind2=" " ind1=" " tag="720">
      <subfield code="a">Ballestar de las Heras, Ricardo Luis</subfield>
      <subfield code="e">author</subfield>
   </datafield>
   <datafield ind2=" " ind1=" " tag="720">
      <subfield code="a">Colom Fajula, Xavier</subfield>
      <subfield code="e">author</subfield>
   </datafield>
   <datafield ind2=" " ind1=" " tag="720">
      <subfield code="a">Cañavate Ávila, Francisco Javier</subfield>
      <subfield code="e">author</subfield>
   </datafield>
   <datafield ind2=" " ind1=" " tag="260">
      <subfield code="c">2024-03-27</subfield>
   </datafield>
   <datafield ind2=" " ind1=" " tag="520">
      <subfield code="a">In accordance with the Circular Economy Package of the European directive, the Spanish government compels manufacturers of plastic bags to include into their products a minimum of 70% of polyethylene (PE) waste. Following this mandate can be challenging and requires a deep knowledge of the alterations produced by the recycling in the main components of a plastic bag film: lineal low-density polyethylene (LLDPE), the LLDPE recycled post-industry, generated as waste from an industrial process (rLLDPE) and the PE recycled from post-consumer use (rPE), that has been picked up, cleaned, and reprocessed. This study provides insight in the macro and microstructural changes produced by several cycles of recycling in these materials. Specimens in the form of film for supermarket bags formed with these polymers have been subjected to several recycling sequences. The process closely mimics industrial processes. Four cycles have been applied to the samples. The evolution of mechanical properties, including tensile strength, elongation at break, and tear and impact tests, shows an obvious decrease due to degradation that is not an impediment for practical use after the four cycles of recycling according to the main specifications defined by the producer. Colorimetric measurements reveal no significant variations in the color of the films. The results of the FTIR and TGA analysis show degradation phenomena and changes in crystallinity in branching and the apparition of crosslinking that are in consonance with the mechanical data. There is also a difference between both types of recycled PE. In general, rLLDPE is more affected by the recycling than rPE. According to our findings, the limiting property would be the tearing. By comparing these values with bags available in the market, manufactured from 70–80% recycled material, we can infer that while two reprocessing cycles can lead to good results, a maximum of four cycles of recycling is advisable</subfield>
   </datafield>
   <datafield ind2=" " ind1=" " tag="520">
      <subfield code="a">The manuscript is part of grant PID2021-126165OB-I00 founded by MCIN/AEI/10.13039/501100011033 and by ERDF A way of making Europe by the European Union. ​We are significantly grateful for the work carried out by S. Fernández Ayala and E. Molina Salazar in the laboratories of the company Sphere Spain</subfield>
   </datafield>
   <datafield ind2=" " ind1=" " tag="520">
      <subfield code="a">Postprint (published version)</subfield>
   </datafield>
   <datafield tag="653" ind2=" " ind1=" ">
      <subfield code="a">Àrees temàtiques de la UPC::Enginyeria química</subfield>
   </datafield>
   <datafield tag="653" ind2=" " ind1=" ">
      <subfield code="a">Polymeric composites</subfield>
   </datafield>
   <datafield tag="653" ind2=" " ind1=" ">
      <subfield code="a">Polymers -- Deterioration</subfield>
   </datafield>
   <datafield tag="653" ind2=" " ind1=" ">
      <subfield code="a">Circular economy</subfield>
   </datafield>
   <datafield tag="653" ind2=" " ind1=" ">
      <subfield code="a">Sustainable development</subfield>
   </datafield>
   <datafield tag="653" ind2=" " ind1=" ">
      <subfield code="a">Bags</subfield>
   </datafield>
   <datafield tag="653" ind2=" " ind1=" ">
      <subfield code="a">Plastic containers</subfield>
   </datafield>
   <datafield tag="653" ind2=" " ind1=" ">
      <subfield code="a">Mechanical recycling</subfield>
   </datafield>
   <datafield tag="653" ind2=" " ind1=" ">
      <subfield code="a">Polymer degradation</subfield>
   </datafield>
   <datafield tag="653" ind2=" " ind1=" ">
      <subfield code="a">Circular economy</subfield>
   </datafield>
   <datafield tag="653" ind2=" " ind1=" ">
      <subfield code="a">Recycled</subfield>
   </datafield>
   <datafield tag="653" ind2=" " ind1=" ">
      <subfield code="a">Thermal analysisv</subfield>
   </datafield>
   <datafield tag="653" ind2=" " ind1=" ">
      <subfield code="a">FTIRv</subfield>
   </datafield>
   <datafield tag="653" ind2=" " ind1=" ">
      <subfield code="a">Polyethylene</subfield>
   </datafield>
   <datafield tag="653" ind2=" " ind1=" ">
      <subfield code="a">Plastic bags</subfield>
   </datafield>
   <datafield tag="653" ind2=" " ind1=" ">
      <subfield code="a">Compostos polimèrics</subfield>
   </datafield>
   <datafield tag="653" ind2=" " ind1=" ">
      <subfield code="a">Polímers -- Deterioració</subfield>
   </datafield>
   <datafield tag="653" ind2=" " ind1=" ">
      <subfield code="a">Economia circular</subfield>
   </datafield>
   <datafield tag="653" ind2=" " ind1=" ">
      <subfield code="a">Desenvolupament sostenible</subfield>
   </datafield>
   <datafield tag="653" ind2=" " ind1=" ">
      <subfield code="a">Bosses</subfield>
   </datafield>
   <datafield tag="653" ind2=" " ind1=" ">
      <subfield code="a">Envasos de plàstic</subfield>
   </datafield>
   <datafield ind2="0" ind1="0" tag="245">
      <subfield code="a">Comparative analysis of the effects of incorporating post-industrial recycled LLDPE and post-consumer PE in films: macrostructural and microstructural perspectives in the packaging industry</subfield>
   </datafield>
</record></metadata></record></GetRecord></OAI-PMH>